Textbook of marketing / (Record no. 2645)

MARC details
000 -LEADER
fixed length control field 00416nam a2200181 4500
001 - CONTROL NUMBER
control field 3275
005 - DATE AND TIME OF LATEST TRANSACTION
control field 20181127170913.0
010 00 - LIBRARY OF CONGRESS CONTROL NUMBER
LC control number
020 00 - INTERNATIONAL STANDARD BOOK NUMBER
International Standard Book Number 0195687175
090 00 - LOCALLY ASSIGNED LC-TYPE CALL NUMBER (OCLC); LOCAL CALL NUMBER (RLIN)
Classification number (OCLC) (R) ; Classification number, CALL (RLIN) (NR) 658.8 B6527t 2008
100 00 - MAIN ENTRY--PERSONAL NAME
Personal name Blois, Keith.
245 00 - TITLE STATEMENT
Title Textbook of marketing /
Remainder of title
Statement of responsibility, etc. Blois Keith
Medium
250 00 - EDITION STATEMENT
Edition statement
260 00 - PUBLICATION, DISTRIBUTION, ETC.
Place of publication, distribution, etc. New York :
Name of publisher, distributor, etc. Oxford University Press,
Date of publication, distribution, etc. 2010.
300 00 - PHYSICAL DESCRIPTION
Extent viii, 685 p.
500 00 - GENERAL NOTE
General note
650 00 - SUBJECT ADDED ENTRY--TOPICAL TERM
Topical term or geographic name entry element Marketing.
General subdivision
Holdings
Withdrawn status Lost status Source of classification or shelving scheme Damaged status Not for loan Collection code Home library Current library Shelving location Serial Enumeration / chronology Inventory number Total Checkouts Full call number Barcode Date last seen Date last checked out Price effective from Koha item type
    Dewey Decimal Classification     Main TEST RTC Library RTC Library Main opac 5735 1 658.8 BLO 30003509 14/10/2019 03/10/2019 27/11/2018 Main
Royal Thimphu College || All Right Reserved